NFL Cleveland Browns Speed Trivia - Statistics

General Stats
  • This quiz has been taken 46 times
  • The average score is 8 of 15
Answer Stats
Question Answer % Correct
In what year was Oklahoma quarterback, Baker Mayfield drafted? 2018
97%
Who was the most recent player to reach 16.0 sacks in a single season? Myles Garrett
94%
Which Browns running back is considered one of the best of all time? Jim Brown
90%
Who was the most recent player to rush for over 1,500 yards in a single season? Nick Chubb
90%
How many wins will the Browns get in 2023? More than the Steelers
87%
How long is Deshaun Watson's new contract? 5 years
81%
What is the first name of the player who's nickname was ______ Football? Johnny (Manziel)
52%
In what city were the Browns re-located to for a period of time in 1995 until 1999. Baltimore
45%
What number did Bernie Kosar wear? 19
35%
How much money is Deshaun Watson guaranteed in his new, record breaking contract? $230 Million
32%
What great head coach, who led another team to multiple superbowls, coached the Browns from 1991-95? Bill Belichick
32%
Who is the current GM of the Browns? Andrew Berry
23%
Who are the current owners of the Browns? The Haslams
23%
Who is the Browns all time leading passer? Brian Sipe
16%
Who was the Browns most recent first round pick? Greg Newsome II
0%
No matching quizzes found
Score Distribution
Percent of People with Each Score
Percentile by Number Answered
Your Score History
You have not taken this quiz